[Event "Blitz 2018"]
[Site "Saint-Petersburg"]
[Date "2018.12.29"]
[Round "6"]
[Board "95"]
[White "Zhigalko Andrey (BLR)"]
[Black "Mamatov Melis (KGZ)"]
[Result "1-0"]
[BlackElo "2213"]
[WhiteElo "2493"]
[LiveChessVersion "1.4.8"]

1. e4 {[%clk 0:03:03]} c5 {[%clk 0:03:04]} 2. Nf3 {[%clk 0:03:04]} d6
{[%clk 0:03:05]} 3. d4 {[%clk 0:03:05]} cxd4 {[%clk 0:03:07]} 4. Qxd4
{[%clk 0:03:06]} Nc6 {[%clk 0:03:01]} 5. Bb5 {[%clk 0:03:07]} Bd7
{[%clk 0:02:48]} 6. Qd3 {[%clk 0:03:08]} Nf6 {[%clk 0:02:47]} 7. c4
{[%clk 0:03:05]} g6 {[%clk 0:02:41]} 8. Nc3 {[%clk 0:03:04]} Bg7 {[%clk 0:02:43]}
9. O-O {[%clk 0:03:03]} O-O {[%clk 0:02:42]} 10. h3 {[%clk 0:03:02]} a6
{[%clk 0:02:44]} 11. Bxc6 {[%clk 0:03:03]} Bxc6 {[%clk 0:02:45]} 12. Nd4
{[%clk 0:03:02]} Nd7 {[%clk 0:02:35]} 13. Be3 {[%clk 0:02:59]} Nc5
{[%clk 0:02:34]} 14. Qc2 {[%clk 0:02:59]} Ne6 {[%clk 0:02:31]} 15. Nxe6
{[%clk 0:02:53]} fxe6 {[%clk 0:02:33]} 16. Rac1 {[%clk 0:02:37]} Qd7
{[%clk 0:02:21]} 17. a3 {[%clk 0:02:04]} Rfc8 {[%clk 0:01:40]} 18. Rfd1
{[%clk 0:01:55]} b5 {[%clk 0:01:29]} 19. cxb5 {[%clk 0:01:53]} axb5
{[%clk 0:01:24]} 20. Bd4 {[%clk 0:01:29]} Bxd4 {[%clk 0:01:12]} 21. Rxd4
{[%clk 0:01:29]} Qa7 {[%clk 0:01:13]} 22. Qd2 {[%clk 0:01:21]} Rc7
{[%clk 0:00:49]} 23. e5 {[%clk 0:00:49]} dxe5 {[%clk 0:00:50]} 24. Rh4
{[%clk 0:00:46]} Rf8 {[%clk 0:00:44]} 25. Re1 {[%clk 0:00:44]} Rd7
{[%clk 0:00:35]} 26. Qe2 {[%clk 0:00:34]} Rd4 {[%clk 0:00:27]} 27. Rxd4
{[%clk 0:00:10]} Qxd4 {[%clk 0:00:29]} 28. Qe3 {[%clk 0:00:10]} Rd8
{[%clk 0:00:04]} 29. f3 {[%clk 0:00:10]} b4 {[%clk 0:00:05]} 30. axb4
{[%clk 0:00:08]} Qxb4 {[%clk 0:00:03]} 31. Qxe5 {[%clk 0:00:08]} Bd5
{[%clk 0:00:03]} 32. Nxd5 {[%clk 0:00:05]} exd5 33. Qxe7 {[%clk 0:00:05]} Qxe7
{[%clk 0:00:04]} 34. Rxe7 {[%clk 0:00:06]} Rb8 {[%clk 0:00:05]} 35. Re2
{[%clk 0:00:07]} Kf7 {[%clk 0:00:07]} 36. Kf2 {[%clk 0:00:07]} Rb3
{[%clk 0:00:08]} 37. h4 {[%clk 0:00:06]} Kf6 {[%clk 0:00:07]} 38. g4
{[%clk 0:00:06]} d4 {[%clk 0:00:07]} 39. Kg3 {[%clk 0:00:04]} h6 {[%clk 0:00:07]}
40. Kf4 {[%clk 0:00:05]} g5+ {[%clk 0:00:05]} 41. hxg5+ {[%clk 0:00:05]} hxg5+
{[%clk 0:00:06]} 42. Ke4 {[%clk 0:00:06]} Rb4 {[%clk 0:00:06]} 43. Rd2
{[%clk 0:00:04]} Rb3 {[%clk 0:00:04]} 44. Kxd4 {[%clk 0:00:03]} Rxf3
{[%clk 0:00:05]} 45. b4 {[%clk 0:00:04]} Rf4+ {[%clk 0:00:06]} 46. Kc5 Rxg4
{[%clk 0:00:07]} 47. b5 {[%clk 0:00:07]} Rg1 {[%clk 0:00:06]} 48. Rb2
{[%clk 0:00:08]} Rc1+ {[%clk 0:00:06]} 49. Kd6 {[%clk 0:00:09]} Rd1+
{[%clk 0:00:04]} 50. Kc7 {[%clk 0:00:09]} Rc1+ {[%clk 0:00:04]} 51. Kd7
{[%clk 0:00:09]} Rd1+ {[%clk 0:00:05]} 52. Kc7 {[%clk 0:00:09]} Rc1+
{[%clk 0:00:06]} 53. Kb8 {[%clk 0:00:10]} g4 1-0

[Event "Blitz 2018"]
[Site "Saint-Petersburg"]
[Date "2018.12.29"]
[Round "6"]
[Board "96"]
[White "Khayat Abdullah F (KSA)"]
[Black "Sanikidze Tornike (GEO)"]
[Result "0-1"]
[BlackElo "2484"]
[WhiteElo "1709"]
[LiveChessVersion "1.4.8"]

1. d4 {[%clk 0:03:02]} Nf6 {[%clk 0:03:03]} 2. c4 {[%clk 0:03:03]} e6
{[%clk 0:03:04]} 3. Nc3 {[%clk 0:03:03]} c5 {[%clk 0:03:05]} 4. d5
{[%clk 0:02:59]} exd5 {[%clk 0:03:06]} 5. Nxd5 {[%clk 0:02:56]} Nxd5
{[%clk 0:03:04]} 6. cxd5 {[%clk 0:02:57]} g6 {[%clk 0:02:59]} 7. e4
{[%clk 0:02:56]} Bg7 {[%clk 0:03:00]} 8. Nf3 {[%clk 0:02:55]} O-O
{[%clk 0:02:59]} 9. Bd3 {[%clk 0:02:55]} b5 {[%clk 0:02:56]} 10. O-O
{[%clk 0:02:14]} c4 {[%clk 0:02:57]} 11. Bc2 {[%clk 0:02:14]} d6 {[%clk 0:02:57]}
12. Rb1 {[%clk 0:02:14]} Nd7 {[%clk 0:02:52]} 13. b3 {[%clk 0:02:13]} Nc5
{[%clk 0:02:48]} 14. Be3 {[%clk 0:01:56]} c3 {[%clk 0:02:33]} 15. b4
{[%clk 0:01:45]} Nd7 {[%clk 0:02:28]} 16. Bd4 {[%clk 0:01:38]} Qc7
{[%clk 0:02:26]} 17. Bxg7 {[%clk 0:01:36]} Kxg7 {[%clk 0:02:27]} 18. Qd4+
{[%clk 0:01:27]} Ne5 {[%clk 0:02:28]} 19. Rb3 {[%clk 0:01:20]} f6
{[%clk 0:02:26]} 20. Nxe5 {[%clk 0:01:15]} fxe5 {[%clk 0:02:27]} 21. Qxc3
{[%clk 0:01:14]} Qe7 {[%clk 0:02:28]} 22. Qd3 {[%clk 0:01:04]} Bd7
{[%clk 0:02:20]} 23. Rc3 {[%clk 0:00:58]} Rac8 {[%clk 0:02:21]} 24. Rxc8
{[%clk 0:00:54]} Rxc8 {[%clk 0:02:22]} 25. Bb3 {[%clk 0:00:52]} Qg5
{[%clk 0:02:18]} 26. h3 {[%clk 0:00:50]} Rf8 {[%clk 0:02:15]} 27. Qg3
{[%clk 0:00:34]} Qd2 {[%clk 0:02:08]} 28. a3 {[%clk 0:00:15]} Qb2
{[%clk 0:02:09]} 29. Bd1 {[%clk 0:00:08]} Rf4 {[%clk 0:02:05]} 30. Qg5
{[%clk 0:00:07]} Rf7 {[%clk 0:02:03]} 31. h4 {[%clk 0:00:04]} h6 {[%clk 0:02:00]}
32. Qe3 {[%clk 0:00:05]} a6 {[%clk 0:01:50]} 33. h5 {[%clk 0:00:05]} g5
{[%clk 0:01:51]} 34. Qb6 {[%clk 0:00:05]} Qd4 {[%clk 0:01:28]} 35. Qxd6
{[%clk 0:00:05]} Qxe4 {[%clk 0:01:30]} 36. f3 {[%clk 0:00:04]} Qd4+
{[%clk 0:01:24]} 37. Kh2 {[%clk 0:00:04]} Bf5 {[%clk 0:01:25]} 38. Qxa6
{[%clk 0:00:04]} Bd3 {[%clk 0:01:22]} 39. Re1 {[%clk 0:00:04]} Qh4+
{[%clk 0:01:23]} 40. Kg1 {[%clk 0:00:03]} Qxe1+ {[%clk 0:01:23]} 41. Kh2
{[%clk 0:00:05]} Qxd1 {[%clk 0:01:23]} 42. Qg6+ {[%clk 0:00:05]} Bxg6
{[%clk 0:01:23]} 0-1

[Event "Blitz 2018"]
[Site "Saint-Petersburg"]
[Date "2018.12.29"]
[Round "6"]
[Board "97"]
[White "Shinkevich Vitaly (RUS)"]
[Black "Gaifullin Artur (RUS)"]
[Result "1-0"]
[BlackElo "2231"]
[WhiteElo "2445"]
[LiveChessVersion "1.4.8"]

1. d4 {[%clk 0:03:02]} Nf6 {[%clk 0:03:03]} 2. Nf3 {[%clk 0:03:03]} e6
{[%clk 0:03:05]} 3. c4 {[%clk 0:03:04]} Bb4+ {[%clk 0:03:06]} 4. Nbd2
{[%clk 0:03:05]} d5 {[%clk 0:03:04]} 5. Qa4+ {[%clk 0:03:03]} Nc6
{[%clk 0:03:05]} 6. e3 {[%clk 0:03:04]} O-O {[%clk 0:03:03]} 7. a3
{[%clk 0:03:04]} Bxd2+ {[%clk 0:02:56]} 8. Bxd2 {[%clk 0:03:04]} Ne4
{[%clk 0:02:57]} 9. Rd1 {[%clk 0:02:57]} Nxd2 {[%clk 0:02:54]} 10. Rxd2
{[%clk 0:02:58]} Bd7 {[%clk 0:02:45]} 11. Qc2 {[%clk 0:02:58]} Ne7
{[%clk 0:02:34]} 12. Bd3 {[%clk 0:02:52]} h6 {[%clk 0:02:32]} 13. O-O
{[%clk 0:02:52]} Rc8 {[%clk 0:02:21]} 14. c5 {[%clk 0:02:44]} Be8
{[%clk 0:02:10]} 15. b4 {[%clk 0:02:38]} f6 {[%clk 0:02:10]} 16. Nh4
{[%clk 0:01:59]} g5 {[%clk 0:01:53]} 17. Nf3 {[%clk 0:01:53]} Bh5
{[%clk 0:01:37]} 18. Be2 {[%clk 0:01:45]} Qe8 {[%clk 0:01:34]} 19. h3
{[%clk 0:01:43]} c6 {[%clk 0:01:30]} 20. a4 {[%clk 0:01:44]} a6 {[%clk 0:01:31]}
21. Rb1 {[%clk 0:01:44]} Kg7 {[%clk 0:01:21]} 22. b5 {[%clk 0:01:41]} axb5
{[%clk 0:01:19]} 23. axb5 {[%clk 0:01:42]} Rc7 {[%clk 0:00:53]} 24. Ra1
{[%clk 0:01:27]} Bg6 {[%clk 0:00:44]} 25. Bd3 {[%clk 0:01:24]} h5
{[%clk 0:00:44]} 26. Nh2 {[%clk 0:00:55]} cxb5 {[%clk 0:00:36]} 27. Bxg6
{[%clk 0:00:53]} Nxg6 {[%clk 0:00:36]} 28. Qb3 {[%clk 0:00:49]} b6
{[%clk 0:00:31]} 29. cxb6 {[%clk 0:00:48]} Rb7 {[%clk 0:00:32]} 30. Ra7
{[%clk 0:00:49]} Rxa7 {[%clk 0:00:27]} 31. bxa7 {[%clk 0:00:50]} Qa8
{[%clk 0:00:28]} 32. Ra2 {[%clk 0:00:50]} Rf7 {[%clk 0:00:30]} 33. Qxb5
{[%clk 0:00:39]} Rxa7 {[%clk 0:00:31]} 34. Rxa7+ {[%clk 0:00:34]} Qxa7
{[%clk 0:00:32]} 35. Nf1 {[%clk 0:00:35]} h4 {[%clk 0:00:30]} 36. Nd2
{[%clk 0:00:30]} Nf8 {[%clk 0:00:25]} 37. Nb3 {[%clk 0:00:30]} Qd7
{[%clk 0:00:23]} 38. Qb8 {[%clk 0:00:27]} Kf7 {[%clk 0:00:20]} 39. Nc5
{[%clk 0:00:28]} Qe7 {[%clk 0:00:21]} 40. Nb7 {[%clk 0:00:26]} Qd7
{[%clk 0:00:20]} 41. Nc5 {[%clk 0:00:24]} Qe7 {[%clk 0:00:21]} 42. Qa8
{[%clk 0:00:20]} Qe8 {[%clk 0:00:22]} 43. Qb7+ {[%clk 0:00:20]} Qe7
{[%clk 0:00:23]} 44. Qb8 {[%clk 0:00:21]} Qe8 {[%clk 0:00:24]} 45. Qa7+
{[%clk 0:00:20]} Qe7 {[%clk 0:00:25]} 46. Qa8 {[%clk 0:00:20]} Qe8
{[%clk 0:00:26]} 47. Qb7+ {[%clk 0:00:21]} Qe7 {[%clk 0:00:28]} 48. Qa6
{[%clk 0:00:17]} Nd7 {[%clk 0:00:27]} 49. Nb7 {[%clk 0:00:14]} Nb8
{[%clk 0:00:26]} 50. Nd6+ {[%clk 0:00:10]} Kg7 {[%clk 0:00:25]} 51. Qb6
{[%clk 0:00:10]} Nd7 {[%clk 0:00:22]} 52. Qc7 {[%clk 0:00:11]} f5
{[%clk 0:00:20]} 53. Nc8 {[%clk 0:00:11]} Qf7 {[%clk 0:00:20]} 54. Nd6
{[%clk 0:00:11]} Qe7 {[%clk 0:00:21]} 55. Nc8 {[%clk 0:00:12]} Qf7
{[%clk 0:00:23]} 56. Nd6 {[%clk 0:00:13]} Qe7 {[%clk 0:00:24]} 57. Nc8
{[%clk 0:00:09]} Qf7 {[%clk 0:00:26]} 58. Qd6 {[%clk 0:00:09]} Nf6
{[%clk 0:00:22]} 59. Ne7 {[%clk 0:00:10]} Ne4 {[%clk 0:00:20]} 60. Qe5+
{[%clk 0:00:11]} Qf6 {[%clk 0:00:21]} 61. Qc7 {[%clk 0:00:08]} Qf7
{[%clk 0:00:22]} 62. Qd8 {[%clk 0:00:08]} Nf6 {[%clk 0:00:21]} 63. Nc6
{[%clk 0:00:07]} Qd7 {[%clk 0:00:22]} 64. Qb6 {[%clk 0:00:07]} Qc8
{[%clk 0:00:18]} 65. Qa7+ {[%clk 0:00:06]} Qd7 {[%clk 0:00:19]} 66. Qb6
{[%clk 0:00:07]} Qc8 {[%clk 0:00:20]} 67. Qa7+ Qd7 68. Qb6 {[%clk 0:00:07]} Qc8
{[%clk 0:00:23]} 69. Ne5 {[%clk 0:00:06]} Ne8 {[%clk 0:00:09]} 70. Qa7+
{[%clk 0:00:06]} Qc7 {[%clk 0:00:10]} 71. Qa6 {[%clk 0:00:05]} Qe7
{[%clk 0:00:11]} 72. Qc6 {[%clk 0:00:04]} Nf6 {[%clk 0:00:12]} 73. Qc8
{[%clk 0:00:05]} g4 {[%clk 0:00:12]} 74. Qb8 {[%clk 0:00:04]} Ne8
{[%clk 0:00:09]} 75. hxg4 {[%clk 0:00:04]} Nd6 {[%clk 0:00:08]} 76. g5
{[%clk 0:00:04]} Nf7 {[%clk 0:00:08]} 77. Nxf7 Qxf7 {[%clk 0:00:09]} 78. Qe5+
{[%clk 0:00:04]} Kg6 {[%clk 0:00:10]} 79. f4 {[%clk 0:00:05]} Qa7
{[%clk 0:00:10]} 80. Qxe6+ Kh5 {[%clk 0:00:11]} 81. Qxf5 {[%clk 0:00:07]} Qa3
{[%clk 0:00:12]} 82. Qf7+ {[%clk 0:00:06]} Kg4 {[%clk 0:00:12]} 83. Qd7+
{[%clk 0:00:06]} Kg3 {[%clk 0:00:14]} 84. Qh3# {[%clk 0:00:06]} 1-0

[Event "Blitz 2018"]
[Site "Saint-Petersburg"]
[Date "2018.12.29"]
[Round "6"]
[Board "98"]
[White "Zaitsev Alexander (RUS)"]
[Black "Dubrovin Robert (EST)"]
[Result "0-1"]
[BlackElo "2176"]
[WhiteElo "2402"]
[LiveChessVersion "1.4.8"]

1. e4 {[%clk 0:03:03]} e6 {[%clk 0:03:03]} 2. d4 {[%clk 0:03:04]} d5
{[%clk 0:03:04]} 3. Nc3 {[%clk 0:03:06]} Bb4 {[%clk 0:03:06]} 4. e5
{[%clk 0:03:05]} Ne7 {[%clk 0:03:06]} 5. Bd2 {[%clk 0:03:00]} c5 {[%clk 0:03:06]}
6. a3 {[%clk 0:02:56]} Bxc3 {[%clk 0:03:02]} 7. Bxc3 {[%clk 0:02:57]} cxd4
{[%clk 0:03:03]} 8. Qxd4 {[%clk 0:02:58]} Nbc6 {[%clk 0:02:56]} 9. Qg4
{[%clk 0:02:59]} Nf5 {[%clk 0:02:53]} 10. Nf3 {[%clk 0:02:49]} h5
{[%clk 0:02:36]} 11. Qf4 {[%clk 0:02:47]} Qb6 {[%clk 0:02:21]} 12. Bd3
{[%clk 0:02:37]} d4 {[%clk 0:02:19]} 13. Bd2 {[%clk 0:02:37]} Qxb2
{[%clk 0:02:11]} 14. O-O {[%clk 0:02:37]} Qb6 {[%clk 0:02:12]} 15. Bxf5
{[%clk 0:01:28]} exf5 {[%clk 0:02:13]} 16. Qg5 {[%clk 0:01:24]} Be6
{[%clk 0:01:58]} 17. Rab1 {[%clk 0:01:15]} Qc7 {[%clk 0:01:57]} 18. Rfe1
{[%clk 0:01:02]} g6 {[%clk 0:01:29]} 19. Qf6 {[%clk 0:00:54]} Kd7
{[%clk 0:01:15]} 20. Red1 {[%clk 0:00:32]} Rad8 {[%clk 0:01:08]} 21. Bb4
{[%clk 0:00:20]} Nxb4 {[%clk 0:00:51]} 22. Rxb4 {[%clk 0:00:13]} Kc8
{[%clk 0:00:51]} 23. Rbxd4 {[%clk 0:00:13]} Qb6 24. h4 {[%clk 0:00:11]} Rxd4
{[%clk 0:00:33]} 25. Nxd4 {[%clk 0:00:12]} Rd8 {[%clk 0:00:31]} 26. c3
{[%clk 0:00:13]} Qc7 {[%clk 0:00:10]} 27. Rd3 {[%clk 0:00:11]} a6
{[%clk 0:00:11]} 28. Re3 {[%clk 0:00:12]} Qd7 {[%clk 0:00:11]} 29. Kh2
{[%clk 0:00:08]} Qd5 {[%clk 0:00:13]} 30. g3 {[%clk 0:00:06]} Kb8
{[%clk 0:00:13]} 31. Qe7 {[%clk 0:00:06]} Rd7 {[%clk 0:00:13]} 32. Qb4
{[%clk 0:00:07]} Ka7 {[%clk 0:00:12]} 33. a4 {[%clk 0:00:08]} Rc7
{[%clk 0:00:11]} 34. a5 {[%clk 0:00:10]} Qc5 {[%clk 0:00:12]} 35. Nxe6
{[%clk 0:00:08]} fxe6 {[%clk 0:00:11]} 36. Qa4 {[%clk 0:00:04]} Qc6
{[%clk 0:00:11]} 37. Qb4 {[%clk 0:00:06]} Qc5 38. Qa4 {[%clk 0:00:08]} Qc4
{[%clk 0:00:12]} 39. Qa3 f4 {[%clk 0:00:12]} 40. Rf3 {[%clk 0:00:09]} fxg3+
{[%clk 0:00:12]} 41. Rxg3 {[%clk 0:00:04]} Qxh4+ {[%clk 0:00:12]} 42. Kg2
{[%clk 0:00:04]} Qe4+ {[%clk 0:00:13]} 43. Kh2 {[%clk 0:00:05]} Qxe5
{[%clk 0:00:13]} 44. Qb4 {[%clk 0:00:05]} Rc6 {[%clk 0:00:07]} 45. Kg2
{[%clk 0:00:06]} g5 {[%clk 0:00:07]} 46. Re3 {[%clk 0:00:07]} Qd5+
{[%clk 0:00:08]} 47. Kg1 {[%clk 0:00:08]} Qd1+ {[%clk 0:00:09]} 48. Kg2
{[%clk 0:00:09]} Qg4+ {[%clk 0:00:09]} 49. Qxg4 hxg4 50. Kg3 {[%clk 0:00:11]} Rc4
{[%clk 0:00:10]} 51. Rxe6 {[%clk 0:00:12]} Rxc3+ 52. Kxg4 {[%clk 0:00:14]} Rc5
{[%clk 0:00:12]} 53. Rg6 {[%clk 0:00:04]} Rxa5 {[%clk 0:00:14]} 54. Rxg5
{[%clk 0:00:03]} Rxg5+ {[%clk 0:00:09]} 55. Kxg5 a5 56. Kf4 {[%clk 0:00:06]} a4
{[%clk 0:00:12]} 0-1

[Event "Blitz 2018"]
[Site "Saint-Petersburg"]
[Date "2018.12.29"]
[Round "6"]
[Board "99"]
[White "Guimaraes Diogo Duarte (BRA)"]
[Black "Kobo Ori (ISR)"]
[Result "1/2-1/2"]
[BlackElo "2401"]
[WhiteElo "2228"]
[LiveChessVersion "1.4.8"]

1. e4 {[%clk 0:02:56]} g6 {[%clk 0:03:03]} 2. d4 {[%clk 0:02:56]} Bg7
{[%clk 0:03:04]} 3. Nc3 {[%clk 0:02:58]} d6 {[%clk 0:03:05]} 4. Nf3
{[%clk 0:02:57]} Nf6 {[%clk 0:03:06]} 5. Bf4 {[%clk 0:02:46]} O-O
{[%clk 0:03:02]} 6. Qd2 {[%clk 0:02:47]} a6 {[%clk 0:02:51]} 7. a4
{[%clk 0:02:45]} b6 {[%clk 0:02:48]} 8. Bd3 {[%clk 0:02:44]} Bb7 {[%clk 0:02:49]}
9. O-O {[%clk 0:02:42]} e6 {[%clk 0:02:46]} 10. e5 {[%clk 0:02:24]} Nd5
{[%clk 0:02:35]} 11. Bg5 {[%clk 0:02:18]} f6 {[%clk 0:02:18]} 12. exf6
{[%clk 0:02:18]} Bxf6 {[%clk 0:02:19]} 13. Ne4 {[%clk 0:02:14]} Bxg5
{[%clk 0:02:14]} 14. Nexg5 {[%clk 0:02:12]} Nf4 {[%clk 0:01:57]} 15. Bc4
{[%clk 0:02:03]} Bxf3 {[%clk 0:01:48]} 16. Nxf3 {[%clk 0:01:45]} Qf6
{[%clk 0:01:48]} 17. Rfe1 {[%clk 0:01:34]} d5 {[%clk 0:01:44]} 18. Bf1
{[%clk 0:01:35]} Nd7 {[%clk 0:01:42]} 19. g3 {[%clk 0:01:26]} Nh5
{[%clk 0:01:38]} 20. Ng5 {[%clk 0:01:27]} Ng7 {[%clk 0:01:26]} 21. Bh3
{[%clk 0:01:23]} Rfe8 {[%clk 0:01:23]} 22. f4 {[%clk 0:01:23]} Nf5
{[%clk 0:01:19]} 23. c3 c5 24. a5 {[%clk 0:01:10]} cxd4 {[%clk 0:01:13]} 25. axb6
{[%clk 0:01:11]} dxc3 {[%clk 0:01:04]} 26. bxc3 {[%clk 0:01:12]} Nxb6
{[%clk 0:01:05]} 27. Qb2 {[%clk 0:00:54]} Rab8 {[%clk 0:00:35]} 28. Rxa6
{[%clk 0:00:53]} Nc4 {[%clk 0:00:36]} 29. Qa1 {[%clk 0:00:36]} Rb6
{[%clk 0:00:25]} 30. Rxb6 {[%clk 0:00:35]} Nxb6 {[%clk 0:00:27]} 31. Qa7
{[%clk 0:00:32]} Re7 {[%clk 0:00:17]} 32. Qxb6 {[%clk 0:00:31]} Qxc3
{[%clk 0:00:18]} 33. Qd8+ {[%clk 0:00:31]} Kg7 {[%clk 0:00:19]} 34. Nxe6+
{[%clk 0:00:28]} Kh6 {[%clk 0:00:11]} 35. Re2 {[%clk 0:00:19]} Qc1+
{[%clk 0:00:11]} 36. Bf1 {[%clk 0:00:20]} Ne3 {[%clk 0:00:09]} 37. Qf8+
{[%clk 0:00:19]} Kh5 {[%clk 0:00:10]} 38. Rf2 {[%clk 0:00:19]} Rxe6
{[%clk 0:00:10]} 39. Qf7 {[%clk 0:00:18]} Nxf1 {[%clk 0:00:05]} 40. Rxf1
{[%clk 0:00:14]} Qe3+ {[%clk 0:00:06]} 41. Rf2 {[%clk 0:00:13]} Qe1+
{[%clk 0:00:07]} 42. Rf1 {[%clk 0:00:12]} Qe3+ {[%clk 0:00:08]} 43. Rf2
{[%clk 0:00:13]} Qe1+ {[%clk 0:00:08]} 44. Rf1 {[%clk 0:00:15]} Qe3+
{[%clk 0:00:09]} 45. Kg2 {[%clk 0:00:13]} Qe4+ {[%clk 0:00:09]} 46. Rf3
{[%clk 0:00:14]} Re7 {[%clk 0:00:06]} 47. Qf6 {[%clk 0:00:11]} Qc2+
{[%clk 0:00:06]} 48. Rf2 {[%clk 0:00:12]} Qe4+ {[%clk 0:00:07]} 49. Kg1
{[%clk 0:00:09]} Qe1+ {[%clk 0:00:05]} 50. Rf1 {[%clk 0:00:08]} Qe3+
{[%clk 0:00:07]} 51. Kg2 {[%clk 0:00:08]} Qe2+ {[%clk 0:00:07]} 52. Rf2
{[%clk 0:00:08]} Qe4+ {[%clk 0:00:09]} 53. Rf3 {[%clk 0:00:08]} Qe2+
{[%clk 0:00:08]} 54. Kh3 {[%clk 0:00:07]} Qe6+ {[%clk 0:00:09]} 55. Qxe6
{[%clk 0:00:07]} Rxe6 {[%clk 0:00:10]} 56. Rd3 {[%clk 0:00:08]} Rd6
{[%clk 0:00:10]} 57. g4+ {[%clk 0:00:08]} Kh6 {[%clk 0:00:11]} 58. Rd4
{[%clk 0:00:09]} Kg7 {[%clk 0:00:10]} 59. g5 {[%clk 0:00:10]} Kf7
{[%clk 0:00:12]} 60. Kg4 {[%clk 0:00:11]} Ke6 {[%clk 0:00:13]} 61. h4
{[%clk 0:00:12]} Ra6 {[%clk 0:00:15]} 62. Rd1 {[%clk 0:00:09]} Ra2
{[%clk 0:00:14]} 63. h5 {[%clk 0:00:09]} Rg2+ {[%clk 0:00:11]} 64. Kf3
{[%clk 0:00:08]} Rh2 {[%clk 0:00:10]} 65. hxg6 {[%clk 0:00:08]} hxg6
{[%clk 0:00:11]} 66. Re1+ {[%clk 0:00:08]} Kd6 {[%clk 0:00:12]} 67. Re8
{[%clk 0:00:08]} d4 {[%clk 0:00:05]} 68. Kg3 {[%clk 0:00:05]} Rb2
{[%clk 0:00:04]} 69. Kf3 {[%clk 0:00:06]} Kd5 {[%clk 0:00:04]} 70. Rd8+
{[%clk 0:00:06]} Kc4 {[%clk 0:00:05]} 71. Rc8+ {[%clk 0:00:06]} Kd5
{[%clk 0:00:04]} 72. Rd8+ {[%clk 0:00:07]} Kc4 {[%clk 0:00:05]} 73. Rc8+
{[%clk 0:00:07]} Kd5 {[%clk 0:00:06]} 74. Rd8+ {[%clk 0:00:08]} Kc4
{[%clk 0:00:07]} 75. Rd6 {[%clk 0:00:06]} d3 {[%clk 0:00:06]} 76. Rxg6
{[%clk 0:00:07]} Rb1 {[%clk 0:00:04]} 77. Rc6+ {[%clk 0:00:07]} Kd5
{[%clk 0:00:04]} 78. Rc8 {[%clk 0:00:08]} Kd4 {[%clk 0:00:04]} 79. Rd8+
{[%clk 0:00:09]} Kc3 {[%clk 0:00:05]} 80. Rc8+ {[%clk 0:00:11]} Kd4
{[%clk 0:00:06]} 81. g6 {[%clk 0:00:11]} Rf1+ {[%clk 0:00:05]} 82. Kg2
{[%clk 0:00:10]} Rxf4 {[%clk 0:00:06]} 83. Kg3 {[%clk 0:00:09]} Rf6
{[%clk 0:00:06]} 84. Rg8 {[%clk 0:00:08]} d2 {[%clk 0:00:07]} 85. g7
{[%clk 0:00:08]} Rg6+ {[%clk 0:00:04]} 86. Kf2 {[%clk 0:00:10]} d1=Q 87. Rd8+
{[%clk 0:00:08]} Ke5 {[%clk 0:00:04]} 88. Rxd1 {[%clk 0:00:08]} Rxg7
{[%clk 0:00:05]} 1/2-1/2

[Event "Blitz 2018"]
[Site "Saint-Petersburg"]
[Date "2018.12.29"]
[Round "6"]
[Board "100"]
[White "Al Thebaiti Ahmed M (KSA)"]
[Black "Perdomo Carlos Andres (COL)"]
[Result "1/2-1/2"]
[BlackElo "2301"]
[WhiteElo "1976"]
[LiveChessVersion "1.4.8"]

1. d4 {[%clk 0:03:03]} Nf6 {[%clk 0:03:02]} 2. Bf4 {[%clk 0:03:03]} e6
{[%clk 0:03:01]} 3. e3 {[%clk 0:03:03]} b6 {[%clk 0:03:00]} 4. Nd2
{[%clk 0:03:03]} Bb7 {[%clk 0:03:01]} 5. Ngf3 {[%clk 0:03:03]} Be7
{[%clk 0:03:00]} 6. h3 {[%clk 0:03:02]} c5 {[%clk 0:02:56]} 7. c3
{[%clk 0:03:01]} O-O {[%clk 0:02:50]} 8. Bd3 {[%clk 0:02:59]} d5 {[%clk 0:02:43]}
9. O-O {[%clk 0:02:56]} Bd6 {[%clk 0:02:39]} 10. Ne5 {[%clk 0:02:45]} Qc7
{[%clk 0:02:34]} 11. Ndf3 {[%clk 0:02:44]} Nbd7 {[%clk 0:02:19]} 12. a4
{[%clk 0:02:36]} a6 {[%clk 0:02:16]} 13. Qe2 {[%clk 0:02:31]} Ne4
{[%clk 0:02:07]} 14. Rfd1 {[%clk 0:02:05]} Nxe5 {[%clk 0:01:56]} 15. dxe5
{[%clk 0:01:57]} Be7 {[%clk 0:01:56]} 16. Bxe4 {[%clk 0:01:47]} dxe4
{[%clk 0:01:57]} 17. Nd2 {[%clk 0:01:47]} Bc6 {[%clk 0:01:55]} 18. Nc4
{[%clk 0:01:38]} Rfd8 {[%clk 0:01:48]} 19. a5 {[%clk 0:01:06]} b5
{[%clk 0:01:42]} 20. Nb6 {[%clk 0:01:06]} Rxd1+ {[%clk 0:01:36]} 21. Rxd1
{[%clk 0:01:05]} Rd8 {[%clk 0:01:38]} 22. Rd2 {[%clk 0:00:42]} Rxd2
{[%clk 0:01:35]} 23. Qxd2 {[%clk 0:00:43]} Qd8 {[%clk 0:01:35]} 24. Qe2
{[%clk 0:00:18]} Qd3 {[%clk 0:01:29]} 25. Qxd3 {[%clk 0:00:08]} exd3
{[%clk 0:01:30]} 1/2-1/2

[Event "Blitz 2018"]
[Site "Saint-Petersburg"]
[Date "2018.12.29"]
[Round "7"]
[Board "3"]
[White "Aronian Levon (ARM)"]
[Black "Zubov Alexander (UKR)"]
[Result "1/2-1/2"]
[BlackElo "2729"]
[WhiteElo "2858"]
[LiveChessVersion "1.4.8"]

1. e4 {[%clk 0:03:03]} Nc6 {[%clk 0:03:03]} 2. Nf3 {[%clk 0:03:03]} d6
{[%clk 0:03:04]} 3. d4 {[%clk 0:03:03]} Nf6 {[%clk 0:03:04]} 4. Nc3
{[%clk 0:03:03]} g6 {[%clk 0:03:04]} 5. d5 {[%clk 0:02:49]} Nb8 {[%clk 0:03:04]}
6. h3 {[%clk 0:02:48]} Bg7 {[%clk 0:03:05]} 7. Bc4 {[%clk 0:02:44]} O-O
{[%clk 0:03:03]} 8. O-O {[%clk 0:02:44]} a6 {[%clk 0:02:55]} 9. a4
{[%clk 0:02:45]} e5 {[%clk 0:02:37]} 10. dxe6 {[%clk 0:02:42]} Bxe6
{[%clk 0:02:37]} 11. Bxe6 {[%clk 0:02:15]} fxe6 {[%clk 0:02:38]} 12. e5
{[%clk 0:02:16]} dxe5 {[%clk 0:02:38]} 13. Nxe5 {[%clk 0:02:10]} Qxd1
{[%clk 0:01:53]} 14. Nxd1 {[%clk 0:01:37]} Nd5 {[%clk 0:01:41]} 15. Nd3
{[%clk 0:01:15]} Nc6 {[%clk 0:01:37]} 16. c3 {[%clk 0:01:12]} Na5
{[%clk 0:01:20]} 17. Nc5 {[%clk 0:01:13]} Rfe8 {[%clk 0:01:12]} 18. Ne3
{[%clk 0:01:04]} Nf4 {[%clk 0:00:35]} 19. Re1 {[%clk 0:00:50]} b6
{[%clk 0:00:34]} 20. Ng4 {[%clk 0:00:31]} Nxg2 {[%clk 0:00:34]} 21. Kxg2
{[%clk 0:00:29]} bxc5 {[%clk 0:00:34]} 22. Bf4 {[%clk 0:00:29]} Nc4
{[%clk 0:00:28]} 23. Rad1 {[%clk 0:00:18]} e5 {[%clk 0:00:21]} 24. Bg5
{[%clk 0:00:15]} Nxb2 {[%clk 0:00:15]} 25. Rd7 {[%clk 0:00:16]} Re6
{[%clk 0:00:15]} 26. Bh6 {[%clk 0:00:09]} Bf8 {[%clk 0:00:12]} 27. Bxf8
{[%clk 0:00:08]} Rxf8 {[%clk 0:00:13]} 28. Nh6+ {[%clk 0:00:09]} Kh8
{[%clk 0:00:14]} 29. Nf7+ {[%clk 0:00:10]} Kg8 {[%clk 0:00:15]} 30. Nh6+
{[%clk 0:00:07]} Kh8 {[%clk 0:00:16]} 31. Nf7+ {[%clk 0:00:08]} Kg8
{[%clk 0:00:16]} 1/2-1/2